Poľnohospodárstvo a zmeny slovenského vidieka

Bibliographic Details
Main Author: Buchta, Stanislav (Author)
Format: Article
Language:Slovak
PhysicalDescription:Obr. 2
Subjects:

MARC

LEADER 00000nab a2200000 a 4500
001 vtls000621223
003 SK-MaSNL
005 20260302200915.0
008 160401c1997 xo 0 slo
015 |a SNBRB19rr/mm-uuuuu 
035 |a CL0621362 
040 |a SNKBUCL  |b slo  |c SNKBUCL  |e AACR2 
041 0 |a slo 
044 |a xo  |c SK 
080 |a 631(437.6)  |2 1981 
100 1 |a Buchta, Stanislav  |4 aut  |9 5864 
245 1 0 |a Poľnohospodárstvo a zmeny slovenského vidieka  |c Stanislav Buchta 
300 |b Obr. 2 
650 0 7 |a poľnohospodárstvo  |2 snkbucl  |9 679 
655 7 |a články z novín a časopisov  |2 snkbucl  |9 267496 
773 0 |t Listy  |g Roč. 10, č. 2 (1997), s. 14-15 
850 |a Slovenská národná knižnica v Martine  |a MTA001 
852 |a SNK  |b KIS3GCP 
958 |a SK 
958 |a RK 
958 |a RBX 
999 |c 1458813  |d 1460743